| 000 | 00581nam a2200205 b 4500 | ||
|---|---|---|---|
| 001 | 00000000028256 | ||
| 003 | OSt | ||
| 005 | 20130903170001.0 | ||
| 008 | 020226s1961 esp 000 0bspa d | ||
| 040 |
_aCO-BP _cBMC |
||
| 082 | _a920 Ignacio de Loyola | ||
| 100 |
_aRibadeneira, Pedro de _9346 _d1527-1611 |
||
| 245 | 1 | 0 |
_aVida de San Ignacio de Loyola _cPedro de Ribadeneyra |
| 250 | _a3ยช ed | ||
| 260 |
_aMadrid _bEspasa-Calpe _c1961 |
||
| 300 |
_a241 p. _c18 cm |
||
| 490 |
_aAustral _v634 |
||
| 600 |
_9348 _aIgnacio de Loyola _cSanto _d1491-1556 _xBiografias |
||
| 942 |
_2ddc _cBK |
||
| 999 |
_c288 _d288 |
||